000
00285nam a22001337a 4500
008
170824b xxu||||| |||| 00| 0 eng d
020
_a
9780495188933
041
_a
eng
080
_2
3 ED
_a
51
100
_a
38
101
_a
MAT
245
_a
PREALGEBRA
_c
RUSSY.A.S
942
_2
udc
_c
BK
999
_c
24891
_d
24891